000 00370nam a2200133Ia 4500
008 151001s9999||||xx |||||||||||||| ||und||
100 _aKaushik Bhattacharya
245 _aScience Journalism In India
250 _a1
260 _bCalcutta Journalism club
260 _c2005
300 _a58
365 _b21
999 _c987737
_d987734